000 00665nam a2200265Ia 4500
005 20260302115226.0
008 008 260114s9999 xx 000 0 eng d
020 _a9781350389649
037 _aTextbook
040 _aCRL
040 _beng
040 _cCRL
041 _2eng
041 _aeng
084 _qCRL
100 _aS. Matthews
_91121045
245 0 _aModernism A Sourcebook
260 _bBloomsbury
260 _bBloomsbury Academic
260 _c2008
650 _aLiterary Studies
856 _uhttps://doi.org/10.1007/978-1-137-06879-8?locatt=label:secondary_bloomsburyCollections
942 _cEBOOK
999 _c1685418
_d1685418